000 00257nam a22001217a 4500
008 171017b xxu||||| |||| 00| 0 eng d
041 _aeng
080 _a330101.542
100 _a52
101 _aMIC
245 _aMICROECONOMICS
_cEIKE.A
942 _2udc
_cBK
999 _c34473
_d34473